MARC details
| 000 -LEADER |
| fixed length control field |
01107nam a2200229Ia 4500 |
| 003 - CONTROL NUMBER IDENTIFIER |
| control field |
IN-BaIIA |
| 008 - FIXED-LENGTH DATA ELEMENTS--GENERAL INFORMATION |
| fixed length control field |
211028s9999 xx 000 0 eng d |
| 020 ## - INTERNATIONAL STANDARD BOOK NUMBER |
| International Standard Book Number |
0-521-44412-8 |
| 040 ## - CATALOGING SOURCE |
| Transcribing agency |
IIA Library |
| 080 ## - UNIVERSAL DECIMAL CLASSIFICATION NUMBER |
| Universal Decimal Classification number |
524.3 |
| Item number |
STA |
| 111 ## - MAIN ENTRY--MEETING NAME |
| Meeting name or jurisdiction name as entry element |
4th EIPC Astrophysical Workshop on Star formation, Galaxies and the interstellar Medium |
| Location of meeting |
Elba International Physics Center Marciana Marina, Elba Island |
| Date of meeting or treaty signing |
1992 June 1-6 |
| 9 (RLIN) |
19179 |
| 245 #0 - TITLE STATEMENT |
| Title |
Star formation, Galaxies and the interStellar medium |
| Remainder of title |
proceedings of the 4th EIPC astrophysical Workshop on Star formation, Galaxies and the interStellar medium, held in Elba International Physics Center Marciana Marina, Elba Island, Italy, 1-6 June 1992 |
| Statement of responsibility, etc. |
edited by José Franco, Federico Ferrini, and Guillermo Tenorio-Tagle. |
| 260 ## - PUBLICATION, DISTRIBUTION, ETC. |
| Place of publication, distribution, etc. |
Cambridge |
| Name of publisher, distributor, etc. |
Cambridge University Press |
| Date of publication, distribution, etc. |
1993 |
| 300 ## - PHYSICAL DESCRIPTION |
| Extent |
[various pagings.] |
| 650 ## - SUBJECT ADDED ENTRY--TOPICAL TERM |
| Topical term or geographic name entry element |
Astronomy and Astrophysics thesaurus |
| 650 ## - SUBJECT ADDED ENTRY--TOPICAL TERM |
| Topical term or geographic name entry element |
Galaxies |
| 9 (RLIN) |
1286 |
| 650 ## - SUBJECT ADDED ENTRY--TOPICAL TERM |
| Topical term or geographic name entry element |
InterStellar medium |
| 9 (RLIN) |
3375 |
| 650 ## - SUBJECT ADDED ENTRY--TOPICAL TERM |
| Topical term or geographic name entry element |
Star formation |
| 700 ## - ADDED ENTRY--PERSONAL NAME |
| Personal name |
Ferrini, Federico., ed. |
| 9 (RLIN) |
19180 |
| 700 ## - ADDED ENTRY--PERSONAL NAME |
| Personal name |
Franco, Jose., ed. |
| 9 (RLIN) |
19181 |
| 942 ## - ADDED ENTRY ELEMENTS (KOHA) |
| Koha item type |
Books |